00834nam a2200241 a 450000100060000000300080000600500170001400800410003102000150007203500190008704000320010604100110013808200310014910000230018024501220020326000300032530000340035535000090038950000400039850400320043860000820047065100400055263951BD-RjUL20211209081245.0170206s1970 enkb b 001 0beng d a0304934380 a(BD-RjUL)64081 aDLCcDLCdDLCdBD-RjULbeng1 aengfre00a944.050924223 bGUN 1970 1 aGuerrini, Maurice.10aNapoleon and Paris :bthirty years of history / ctranslated [from the French] abridged and edited by Margery Weiner. aLondon :bCassell,c1970. aix, 468 p. :bill. ; c24 cm. a84/- aTranslation of Napoléon et Paris. aBibliography: p. [449]-454.00aNapoleoncEmperor of the French,d1769-1821xHomes and hauntszFrancezParis. 0aParis (France)xHistoryy1799-1815.